[Event "V Festival Piemonte Scacchi A"]
[Site "Torino ITA"]
[Date "2003.12.04"]
[Round "1"]
[White "Bjarnason, Oskar"]
[Black "Marvin, Elio"]
[Result "1-0"]
[WhiteElo "2261"]
[BlackElo "1620"]
[PlyCount "87"]
[EventDate "2003.12.04"]

1. Nc3 d5 2. e4 d4 3. Nce2 e5 4. Ng3 Nf6 5. Nf3 Bg4 6. c3 dxc3 7. bxc3 Bd6 8.
Qb3 Bxf3 9. Qxb7 Bxe4 10. Nxe4 Nbd7 11. Nxd6+ cxd6 12. Qc6 d5 13. Ba3 Rb8 14.
Qa4 Qb6 15. Bd3 e4 16. Rb1 Qc7 17. Rxb8+ Qxb8 18. Bb5 Kd8 19. h3 Re8 20. Bb4
Re6 21. O-O Nb6 22. Ba5 Qc7 23. Qa3 Nfd7 24. Bxd7 Kxd7 25. Qf8 Kc6 26. Qxg7 Qf4
27. Bxb6 axb6 28. Qd4 h5 29. Rb1 Kc7 30. Qxd5 Rd6 31. Qc4+ Kd7 32. d4 e3 33.
fxe3 Qxe3+ 34. Kh1 Rf6 35. Qd5+ Kc8 36. Qxh5 Qd3 37. Qh8+ Kc7 38. Qxf6 Qxb1+
39. Kh2 Qxa2 40. h4 Qc4 41. h5 Kd7 42. h6 Qc7+ 43. Qe5 Qxc3 44. h7 1-0

[Event "V Festival Piemonte Scacchi A"]
[Site "Torino ITA"]
[Date "2003.12.04"]
[Round "1"]
[White "Christen, Peter Walter"]
[Black "Saccona, Silvano"]
[Result "1/2-1/2"]
[WhiteElo "1582"]
[BlackElo "2098"]
[PlyCount "71"]
[EventDate "2003.12.04"]

1. e4 c6 2. d4 d5 3. Nc3 dxe4 4. Nxe4 Nf6 5. Nxf6+ exf6 6. Nf3 Bg4 7. Be2 Bd6
8. h3 Bh5 9. O-O O-O 10. Be3 Re8 11. c3 Nd7 12. Qc2 Nf8 13. Rad1 Qa5 14. b4 Qc7
15. Rfe1 Rac8 16. Nh4 Bxe2 17. Rxe2 g6 18. Rde1 Qd7 19. Bh6 Ne6 20. Bc1 Bb8 21.
a3 Qd5 22. Bb2 Red8 23. Qe4 Qd6 24. g3 f5 25. Qg2 a6 26. Bc1 Kg7 27. Nf3 h6 28.
Ne5 Re8 29. Bxh6+ Kg8 30. g4 f4 31. Qe4 Qd5 32. Bxf4 Qxe4 33. Rxe4 Kg7 34. Nd3
Rf8 35. Bxb8 Rxb8 36. Kg2 1/2-1/2

[Event "V Festival Piemonte Scacchi A"]
[Site "Torino ITA"]
[Date "2003.12.04"]
[Round "1"]
[White "Diana, Riccardo"]
[Black "Iacomussi, Mario"]
[Result "1-0"]
[WhiteElo "2109"]
[BlackElo "1597"]
[PlyCount "71"]
[EventDate "2003.12.04"]

1. d4 Nf6 2. c4 g6 3. Nc3 d5 4. Nf3 Bg7 5. Qb3 dxc4 6. Qxc4 O-O 7. e4 c6 8. Be2
Nbd7 9. O-O Nb6 10. Qb3 Be6 11. Qc2 Rc8 12. b3 Bg4 13. Be3 Re8 14. Rac1 Nfd7
15. Rfd1 e6 16. h3 Bxf3 17. Bxf3 Qe7 18. Qd2 Nf8 19. e5 Nd5 20. Ne4 Nxe3 21.
Qxe3 Rc7 22. Qd2 Nd7 23. Qa5 b6 24. Qa4 c5 25. Nd6 Rb8 26. Nb5 Rcb7 27. Bxb7
Rxb7 28. Qa3 a5 29. dxc5 Nxc5 30. b4 axb4 31. Qa8+ Bf8 32. Rd8 Rd7 33. Rxd7
Qxd7 34. Nd6 Kg7 35. Ne8+ Kh6 36. Nf6 1-0

[Event "V Festival Piemonte Scacchi A"]
[Site "Torino ITA"]
[Date "2003.12.04"]
[Round "1"]
[White "Fassio, Luca"]
[Black "Loccisano, Giuseppe"]
[Result "1-0"]
[WhiteElo "2123"]
[BlackElo "1600"]
[PlyCount "51"]
[EventDate "2003.12.04"]

1. e4 e6 2. d4 d5 3. Nd2 Nf6 4. e5 Nfd7 5. Bd3 c5 6. c3 Nc6 7. Ne2 f6 8. exf6
Nxf6 9. Nf3 Bd6 10. O-O O-O 11. dxc5 Bxc5 12. Ned4 Nxd4 13. cxd4 Bd6 14. Re1
Qb6 15. Ne5 Bxe5 16. Rxe5 Bd7 17. b3 Kh8 18. Bb2 Qd6 19. a4 Rf7 20. Ba3 Qb6 21.
Bc5 Qd8 22. a5 Qe8 23. Qe2 Ng8 24. Rh5 Nh6 25. g4 Rf4 26. Rxh6 1-0

[Event "V Festival Piemonte Scacchi A"]
[Site "Torino ITA"]
[Date "2003.12.04"]
[Round "1"]
[White "Ferrario, Enrico"]
[Black "Sorba, Enrico"]
[Result "1-0"]
[WhiteElo "1638"]
[BlackElo "1416"]
[PlyCount "31"]
[EventDate "2003.12.04"]

1. Nf3 Nf6 2. g3 b6 3. Bg2 Bb7 4. O-O e6 5. c4 c5 6. Nc3 Be7 7. b3 O-O 8. Bb2
d6 9. Qc2 Nbd7 10. e4 h6 11. d4 cxd4 12. Nxd4 Nh7 13. Rad1 a6 14. Rd2 Ndf6 15.
e5 Ne8 16. Bxb7 1-0

[Event "V Festival Piemonte Scacchi A"]
[Site "Torino ITA"]
[Date "2003.12.04"]
[Round "1"]
[White "Gussone, Claudio"]
[Black "Racioppo, Paolo"]
[Result "0-1"]
[WhiteElo "1605"]
[BlackElo "2216"]
[PlyCount "92"]
[EventDate "2003.12.04"]

1. Nf3 f5 2. g3 Nf6 3. Bg2 g6 4. O-O Bg7 5. c4 d6 6. d4 O-O 7. Nc3 Nc6 8. Bf4
Nh5 9. Bg5 h6 10. Be3 g5 11. d5 Ne5 12. Nxe5 dxe5 13. Bc5 g4 14. Qc2 Bd7 15.
Rad1 e4 16. f3 exf3 17. exf3 Nf6 18. f4 a6 19. Rfe1 Rf7 20. Ne2 b6 21. Bb4 Ne8
22. Nd4 Bxd4+ 23. Rxd4 Nd6 24. b3 Qf8 25. Ba3 Re8 26. Bb2 h5 27. Rd2 Qh6 28.
Rde2 h4 29. Bh1 Rh7 30. Qc3 hxg3 31. Qxg3 Qg6 32. Bg2 Kf8 33. Re5 Nc8 34. b4
Nd6 35. c5 Nc4 36. R5e2 Nxb2 37. Rxb2 Qf6 38. Re5 e6 39. d6 cxd6 40. cxd6 Rc8
41. Qe3 Qh4 42. Bb7 Rc4 43. Bxa6 Rxb4 44. Rxb4 Qxh2+ 45. Kf1 Qh1+ 46. Qg1 Qf3+
0-1

[Event "V Festival Piemonte Scacchi A"]
[Site "Torino ITA"]
[Date "2003.12.04"]
[Round "1"]
[White "Liviabella, Lucio"]
[Black "Giacomasso, Enrico"]
[Result "0-1"]
[WhiteElo "1555"]
[BlackElo "1862"]
[PlyCount "50"]
[EventDate "2003.12.04"]

1. e4 c5 2. Nf3 d6 3. d4 cxd4 4. Nxd4 Nf6 5. Nc3 a6 6. Be2 e5 7. Nb3 Be6 8. O-O
Be7 9. Be3 O-O 10. Kh1 Qc7 11. f4 Nbd7 12. f5 Bc4 13. h3 b5 14. Bxc4 Qxc4 15.
Nd2 Qc6 16. a3 Rac8 17. g4 d5 18. Bg5 d4 19. Bxf6 Nxf6 20. g5 dxc3 21. gxf6
Bxf6 22. bxc3 Qxc3 23. Nb3 Qxh3+ 24. Kg1 Rc3 25. Kf2 Bh4+ 0-1

[Event "V Festival Piemonte Scacchi A"]
[Site "Torino ITA"]
[Date "2003.12.04"]
[Round "1"]
[White "Pantalone, Marcello"]
[Black "Cavezzana, Davide"]
[Result "1-0"]
[WhiteElo "1963"]
[BlackElo "1573"]
[PlyCount "45"]
[EventDate "2003.12.04"]

1. c4 Nf6 2. Nc3 d5 3. cxd5 Nxd5 4. g3 Nxc3 5. bxc3 e5 6. Bg2 Bc5 7. Nf3 Nc6 8.
d3 O-O 9. O-O Bf5 10. e4 Bg4 11. h3 Bd7 12. Qe2 Qc8 13. Kh2 f6 14. d4 Bb6 15.
d5 Nd8 16. a4 a6 17. Rd1 Nf7 18. a5 Ba7 19. Ba3 Nd6 20. c4 Rf7 21. Nd2 Ba4 22.
Rdc1 Rd7 23. Bxd6 1-0

[Event "V Festival Piemonte Scacchi A"]
[Site "Torino ITA"]
[Date "2003.12.04"]
[Round "1"]
[White "Penciu, Eugen"]
[Black "Sorcinelli, Francesco"]
[Result "0-1"]
[WhiteElo "1600"]
[BlackElo "2122"]
[PlyCount "72"]
[EventDate "2003.12.04"]

1. d4 g6 2. e4 Bg7 3. Be3 d6 4. Nc3 a6 5. Bd3 b5 6. a3 Nd7 7. f4 Bb7 8. Nf3
Ngf6 9. O-O O-O 10. Qd2 Ng4 11. Ne2 c5 12. c3 Qb6 13. d5 Ndf6 14. h3 Nxe3 15.
Qxe3 e6 16. dxe6 fxe6 17. Rad1 Qc6 18. Ng3 d5 19. Rde1 Rad8 20. exd5 Nxd5 21.
Qxe6+ Qxe6 22. Rxe6 Nxf4 23. Be4 Nxe6 24. Bxb7 Nc7 25. Ne4 Rb8 26. Nxc5 Rf5 27.
b4 Rxc5 28. bxc5 Rxb7 29. Rd1 Ne6 30. c6 Rc7 31. Rd6 Kf7 32. Nd4 Nxd4 33. cxd4
Ke7 34. Rd5 Rxc6 35. Kf2 Rd6 36. Rxd6 Kxd6 0-1

[Event "V Festival Piemonte Scacchi A"]
[Site "Torino ITA"]
[Date "2003.12.04"]
[Round "1"]
[White "Verardi, Gianparide"]
[Black "Martin, Tiziano"]
[Result "0-1"]
[WhiteElo "1519"]
[BlackElo "1825"]
[PlyCount "56"]
[EventDate "2003.12.04"]

1. c4 e5 2. Nc3 d6 3. Nf3 Nc6 4. g3 g6 5. Bg2 Bg7 6. e4 Nge7 7. d3 O-O 8. O-O
f5 9. Ne1 f4 10. Nf3 Bg4 11. h3 Bxf3 12. Bxf3 Nd4 13. Bg2 f3 14. Bh1 Qd7 15.
Kh2 Nec6 16. Be3 Rf7 17. Rb1 Raf8 18. Qa4 Ne6 19. Rg1 h6 20. g4 Qd8 21. Rg3
Ncd4 22. Qxa7 Ne2 23. Nxe2 fxe2 24. Re1 Nd4 25. Bxd4 exd4 26. Rxe2 Rxf2+ 27.
Rg2 Be5+ 28. Kg1 Rf1# 0-1

[Event "V Festival Piemonte Scacchi A"]
[Site "Torino ITA"]
[Date "2003.12.05"]
[Round "2"]
[White "Angioni, Gian Carlo"]
[Black "Fassio, Luca"]
[Result "0-1"]
[WhiteElo "1654"]
[BlackElo "2123"]
[PlyCount "58"]
[EventDate "2003.12.04"]

1. e4 g6 2. d4 Bg7 3. g3 d6 4. Bg2 Nf6 5. Nc3 c6 6. a4 Qc7 7. Nge2 e5 8. O-O
O-O 9. h3 Nbd7 10. Be3 b6 11. Qd2 Ba6 12. Rfe1 Rfe8 13. Rad1 Bf8 14. f4 Rad8
15. g4 c5 16. d5 exf4 17. Bxf4 Ne5 18. b3 Bxe2 19. Nxe2 Bg7 20. Bg5 Rb8 21. c4
a6 22. Nc3 Kh8 23. Bh6 Ng8 24. Bxg7+ Kxg7 25. Qf4 h6 26. h4 Nf6 27. Bh3 Qe7 28.
Re3 Nfxg4 29. Bxg4 Qxh4 0-1

[Event "V Festival Piemonte Scacchi A"]
[Site "Torino ITA"]
[Date "2003.12.05"]
[Round "2"]
[White "Ferrario, Enrico"]
[Black "Armentano, Alessio"]
[Result "0-1"]
[WhiteElo "1638"]
[BlackElo "1867"]
[PlyCount "94"]
[EventDate "2003.12.04"]

1. Nf3 f5 2. c4 Nf6 3. d4 g6 4. g3 Bg7 5. Bg2 O-O 6. O-O d6 7. Nc3 Qe8 8. Qc2
Na6 9. a3 c6 10. b4 Bd7 11. Bb2 e5 12. dxe5 dxe5 13. e4 f4 14. Ne2 Nh5 15. Rad1
Rd8 16. Rd2 Bg4 17. Rxd8 Qxd8 18. Nxe5 Bxe5 19. Bxe5 f3 20. Nc3 fxg2 21. Kxg2
Bf3+ 22. Kg1 Qd7 23. Nd1 Qe6 24. Qc3 Be2 25. Re1 Qxc4 26. Qe3 Bg4 27. Nb2 Qe6
28. f4 b6 29. Rc1 Rd8 30. Qc3 c5 31. b5 Nb8 32. Nc4 Be2 33. Ne3 Nd7 34. Qd2
Bxb5 35. g4 Nhf6 36. Rd1 Re8 37. Qb2 Nxe5 38. fxe5 Nxg4 39. Rd6 Qxe5 40. Qxe5
Nxe5 41. Nd5 Nc4 42. Nf6+ Kf7 43. Nxe8 Bxe8 44. Rd3 Bc6 45. Rc3 Ne5 46. h3 Bxe4
47. Re3 Nf3+ 0-1

[Event "V Festival Piemonte Scacchi A"]
[Site "Torino ITA"]
[Date "2003.12.05"]
[Round "2"]
[White "Franzolin, Marco"]
[Black "Pantalone, Marcello"]
[Result "1/2-1/2"]
[WhiteElo "1675"]
[BlackElo "1963"]
[PlyCount "38"]
[EventDate "2003.12.04"]

1. d4 Nf6 2. Bg5 d5 3. Bxf6 exf6 4. e3 Be7 5. Nd2 O-O 6. Bd3 c5 7. dxc5 Bxc5 8.
Ne2 Nc6 9. c3 Ne5 10. Nb3 Bb6 11. Nf4 Be6 12. O-O Qc7 13. Nd4 Nxd3 14. Qxd3 Qe5
15. Rad1 Rad8 16. Nf3 Qe4 17. Nd4 Qe5 18. Nf3 Qe4 19. Nd4 Qe5 1/2-1/2

[Event "V Festival Piemonte Scacchi A"]
[Site "Torino ITA"]
[Date "2003.12.05"]
[Round "2"]
[White "Lizzari, Nicola"]
[Black "Vinciguerra, Marco"]
[Result "0-1"]
[WhiteElo "1708"]
[BlackElo "2160"]
[PlyCount "90"]
[EventDate "2003.12.04"]

1. d4 c5 2. e3 Nf6 3. Nf3 cxd4 4. exd4 g6 5. c4 Bg7 6. Bd3 O-O 7. O-O d6 8. Nc3
Nc6 9. Re1 Bg4 10. Be3 Nd7 11. Be4 Nb6 12. Bxc6 bxc6 13. b3 c5 14. Qd2 Bxf3 15.
gxf3 Nd7 16. Rad1 Qa5 17. Nd5 Qxd2 18. Nxe7+ Kh8 19. Rxd2 Rfe8 20. Bf4 Bxd4 21.
Rde2 Ne5 22. Bxe5+ dxe5 23. Nd5 Rf8 24. f4 f6 25. fxe5 fxe5 26. Kg2 Rf7 27. f3
Raf8 28. Rf1 g5 29. Re4 h5 30. h3 Kh7 31. h4 gxh4 32. Rxh4 Rg8+ 33. Kh3 Kh6 34.
f4 Bg1 35. f5 Rfg7 36. Rxh5+ Kxh5 37. Nf6+ Kh6 38. Nxg8+ Rxg8 39. f6 Bd4 40. a3
a5 41. f7 Rf8 42. Rf6+ Kg7 43. Ra6 Rxf7 44. Rxa5 e4 45. Ra6 Re7 0-1

[Event "V Festival Piemonte Scacchi A"]
[Site "Torino ITA"]
[Date "2003.12.05"]
[Round "2"]
[White "Marguati, Massimiano"]
[Black "Diana, Riccardo"]
[Result "1-0"]
[WhiteElo "1632"]
[BlackElo "2109"]
[PlyCount "59"]
[EventDate "2003.12.04"]

1. d4 d5 2. c4 c6 3. Nf3 Nf6 4. Nc3 dxc4 5. a4 Bf5 6. Ne5 e6 7. f3 Bb4 8. Nxc4
O-O 9. e4 Bxe4 10. fxe4 Nxe4 11. Qd3 f5 12. Bd2 Bxc3 13. bxc3 Nd7 14. Qe3 Ndf6
15. Ne5 Nd5 16. Qh3 Qb6 17. Qd3 Rad8 18. Be2 c5 19. O-O cxd4 20. Rfb1 Qc7 21.
cxd4 Nxd2 22. Qxd2 Nf6 23. Qb4 b6 24. Rc1 Qd6 25. Qxd6 Rxd6 26. Rc6 Rxd4 27.
Rxe6 Rc8 28. Nc6 Rd7 29. Ne7+ Kf7 30. Rxf6+ 1-0

[Event "V Festival Piemonte Scacchi A"]
[Site "Torino ITA"]
[Date "2003.12.05"]
[Round "2"]
[White "Martin, Tiziano"]
[Black "Bjarnason, Oskar"]
[Result "0-1"]
[WhiteElo "1825"]
[BlackElo "2261"]
[PlyCount "72"]
[EventDate "2003.12.04"]

1. d3 d5 2. e4 e5 3. c3 Nc6 4. Nd2 Be6 5. Ngf3 f6 6. Be2 g5 7. h3 h5 8. Qc2 Qd7
9. exd5 Bxd5 10. Ne4 O-O-O 11. Bd2 Qf7 12. b4 Nh6 13. b5 Ne7 14. c4 Be6 15. Qa4
Kb8 16. Be3 b6 17. Qc2 g4 18. Nfd2 gxh3 19. gxh3 Nhf5 20. a4 Nxe3 21. fxe3 Bh6
22. a5 f5 23. axb6 cxb6 24. c5 fxe4 25. cxb6 Rc8 26. Qa4 Nd5 27. Qxe4 Nxb6 28.
Qxe5+ Ka8 29. Rf1 Qd7 30. Nc4 Bxc4 31. dxc4 Qc7 32. Bf3+ Kb8 33. Rxa7 Kxa7 34.
Qa1+ Kb8 35. Bc6 Qg3+ 36. Kd1 Qxe3 0-1

[Event "V Festival Piemonte Scacchi A"]
[Site "Torino ITA"]
[Date "2003.12.05"]
[Round "2"]
[White "Racioppo, Paolo"]
[Black "Geuna, Giuseppe"]
[Result "1-0"]
[WhiteElo "2216"]
[BlackElo "1757"]
[PlyCount "103"]
[EventDate "2003.12.04"]

1. e4 g6 2. d4 d6 3. Nc3 Bg7 4. Be3 c6 5. h3 Nd7 6. f4 e5 7. Nf3 Qa5 8. a3 Ngf6
9. b4 Qc7 10. Bd3 O-O 11. O-O Re8 12. g4 h5 13. g5 Nh7 14. h4 exf4 15. Bxf4
Nhf8 16. Ne2 Ne6 17. Bg3 Qb6 18. c3 c5 19. Bf2 Qc7 20. Rc1 c4 21. Bb1 b5 22.
Qd2 Bb7 23. Rce1 a5 24. Bg3 axb4 25. axb4 Ra3 26. Qe3 Qb6 27. Qf2 Nd8 28. Kh2
Kf8 29. Nd2 Kg8 30. Qf4 Bf8 31. Rf3 d5 32. e5 Bg7 33. Qe3 Nf8 34. Qf2 Bc8 35.
Nf4 Qb7 36. Rfe3 Bg4 37. Qg2 Be6 38. Nf1 Qc6 39. Rc1 Re7 40. Re2 Rea7 41. Ne3
Rd7 42. Rf2 Nb7 43. Ra2 Rb3 44. Qd2 Rxb1 45. Rxb1 Rd8 46. Rba1 Nd7 47. Ra6 Nb6
48. Qa2 Qc7 49. Ra7 Bf8 50. Qa6 Rb8 51. Qxb5 Nc8 52. Ra8 1-0

[Event "V Festival Piemonte Scacchi A"]
[Site "Torino ITA"]
[Date "2003.12.05"]
[Round "2"]
[White "Scotti, Umberto"]
[Black "Vozza, Nicola"]
[Result "1-0"]
[WhiteElo "2135"]
[BlackElo "1735"]
[PlyCount "113"]
[EventDate "2003.12.04"]

1. d4 f5 2. Nf3 Nf6 3. c4 e6 4. g3 d5 5. Bg2 c6 6. O-O Bd6 7. b3 Qe7 8. Bb2 O-O
9. Nbd2 Nbd7 10. Qc2 Ne4 11. Ne5 Ndf6 12. Ndf3 Bd7 13. a3 g5 14. b4 Qg7 15. c5
Be7 16. a4 Be8 17. Nd2 Nd7 18. Nxd7 Bxd7 19. Nf3 Be8 20. Ne5 Nf6 21. Qb3 Nd7
22. Nd3 f4 23. b5 Rb8 24. Rab1 Bg6 25. Rbd1 Bh5 26. Rfe1 fxg3 27. hxg3 Bf6 28.
Qc3 Rbe8 29. Ne5 Nxe5 30. dxe5 Bd8 31. Rd2 b6 32. bxc6 bxc5 33. a5 Qc7 34. e4
d4 35. Qxc5 Qxa5 36. Qxd4 Bb6 37. Qc3 Rf7 38. Rc1 Ref8 39. Qxa5 Bxa5 40. Bc3
Bb6 41. Bd4 Rc7 42. Bxb6 axb6 43. Rb2 Rb8 44. Bf1 Be8 45. Bb5 Rbc8 46. f3 h5
47. Kf2 Bg6 48. Ke3 Kf8 49. Rd2 Ke7 50. Rd6 Ra8 51. Rc3 Ra5 52. Rb3 h4 53. gxh4
gxh4 54. Rd2 Be8 55. Rh2 Bxc6 56. Rc2 Kd7 57. Rd3+ 1-0

[Event "V Festival Piemonte Scacchi A"]
[Site "Torino ITA"]
[Date "2003.12.05"]
[Round "2"]
[White "Sorcinelli, Francesco"]
[Black "Matta, Francesca"]
[Result "1-0"]
[WhiteElo "2122"]
[BlackElo "1678"]
[PlyCount "73"]
[EventDate "2003.12.04"]

1. e4 e5 2. f4 exf4 3. Bc4 Nc6 4. Nf3 d6 5. d4 Bg4 6. Nc3 Nf6 7. Bxf4 Be7 8.
Qd2 O-O 9. O-O-O Bh5 10. Rhe1 Re8 11. Qf2 Na5 12. Bd3 Qc8 13. h3 Nd7 14. g4 Bg6
15. Nd5 Bf8 16. h4 f6 17. h5 Bf7 18. Nc3 c5 19. dxc5 dxc5 20. e5 fxe5 21. Bf5
Be6 22. Bxe6+ Rxe6 23. Bxe5 Nxe5 24. Nxe5 Rf6 25. Qg2 Bd6 26. Qd5+ Qe6 27. Nd7
Qxd5 28. Nxf6+ gxf6 29. Nxd5 Kf7 30. Rf1 Be5 31. Nxf6 Kg7 32. Rd7+ Kh6 33. g5+
Kxg5 34. Rg7+ Kh6 35. Rxh7+ Kg5 36. Rg7+ Kh6 37. Rg6# 1-0

[Event "V Festival Piemonte Scacchi A"]
[Site "Torino ITA"]
[Date "2003.12.06"]
[Round "3"]
[White "Armentano, Alessio"]
[Black "Racioppo, Paolo"]
[Result "0-1"]
[WhiteElo "1867"]
[BlackElo "2216"]
[PlyCount "64"]
[EventDate "2003.12.04"]

1. e4 c5 2. Nc3 a6 3. g3 b5 4. Bg2 Bb7 5. d3 d6 6. f4 g6 7. Nf3 Bg7 8. O-O Nd7
9. Be3 b4 10. Ne2 Bxb2 11. Rb1 Ba3 12. c3 a5 13. Ne1 Ngf6 14. h3 c4 15. Nc2
cxd3 16. Qxd3 Ba6 17. Qd1 Rc8 18. Nxa3 bxa3 19. Rb3 O-O 20. Rxa3 Qc7 21. Rb3
Qc4 22. Nd4 Nc5 23. Ra3 Ncxe4 24. Qf3 Qc5 25. Nc2 Qb5 26. Re1 Qb2 27. Rc1 Bd3
28. Rb3 Qxa2 29. Nd4 e5 30. Qd1 exd4 31. Qxd3 dxe3 32. Bxe4 Qxb3 0-1

[Event "V Festival Piemonte Scacchi A"]
[Site "Torino ITA"]
[Date "2003.12.06"]
[Round "3"]
[White "Bjarnason, Oskar"]
[Black "Sorcinelli, Francesco"]
[Result "1-0"]
[WhiteElo "2261"]
[BlackElo "2122"]
[PlyCount "63"]
[EventDate "2003.12.04"]

1. e4 c5 2. Nf3 d6 3. d4 cxd4 4. Nxd4 Nf6 5. Nc3 g6 6. Be3 Bg7 7. f3 Nc6 8. Qd2
O-O 9. O-O-O d5 10. exd5 Nxd5 11. Nxc6 bxc6 12. Bd4 e5 13. Bc5 Be6 14. Ne4 Rb8
15. Bc4 Re8 16. h4 a5 17. h5 f5 18. Nd6 e4 19. c3 e3 20. Qe1 e2 21. Qxe2 Bh6+
22. Kc2 Qf6 23. Bxd5 cxd5 24. Bd4 Qg5 25. Nxe8 Rxe8 26. Qe5 Kf7 27. f4 Qxg2+
28. Rd2 Qxh1 29. Qf6+ Kg8 30. Qh8+ Kf7 31. Qxh7+ Kf8 32. Bc5+ 1-0

[Event "V Festival Piemonte Scacchi A"]
[Site "Torino ITA"]
[Date "2003.12.06"]
[Round "3"]
[White "Diana, Riccardo"]
[Black "Cavezzana, Davide"]
[Result "1-0"]
[WhiteElo "2109"]
[BlackElo "1573"]
[PlyCount "89"]
[EventDate "2003.12.04"]

1. e4 e5 2. Nf3 Nc6 3. Bb5 a6 4. Ba4 Nf6 5. O-O b5 6. Bb3 Be7 7. Re1 O-O 8. a4
Bb7 9. d3 d6 10. Nc3 b4 11. Ne2 Na5 12. Ba2 c5 13. Ng3 Bc8 14. Bg5 Nc6 15. Bxf6
Bxf6 16. Bd5 Qc7 17. Nd2 Be6 18. Nh5 Be7 19. Bxe6 fxe6 20. Qg4 Bf6 21. Qxe6+
Qf7 22. Qxf7+ Rxf7 23. c3 bxc3 24. bxc3 Na5 25. Rab1 Bd8 26. Ng3 g6 27. Ngf1
Rb7 28. Rxb7 Nxb7 29. Rb1 Na5 30. Ne3 Nc6 31. Nec4 Be7 32. Rb6 Rc8 33. Rxa6 Bg5
34. g3 Bxd2 35. Nxd2 Kf7 36. Nc4 Ke7 37. a5 Rc7 38. Kg2 Ke6 39. f4 exf4 40.
gxf4 d5 41. Ne5 Kd6 42. Kf3 d4 43. c4 g5 44. Rxc6+ Rxc6 45. Nxc6 1-0

[Event "V Festival Piemonte Scacchi A"]
[Site "Torino ITA"]
[Date "2003.12.06"]
[Round "3"]
[White "Fortino, Fabrizio"]
[Black "Scotti, Umberto"]
[Result "0-1"]
[WhiteElo "1840"]
[BlackElo "2135"]
[PlyCount "66"]
[EventDate "2003.12.04"]

1. e4 e6 2. d4 d5 3. Nc3 Nf6 4. e5 Nfd7 5. f4 c5 6. Nf3 Nc6 7. Be3 cxd4 8. Nxd4
Bc5 9. Qd2 Nxd4 10. Bxd4 a6 11. Be2 b5 12. a4 b4 13. Bxc5 Nxc5 14. Na2 a5 15.
b3 Qb6 16. Qd4 Nxa4 17. Qd2 Nc5 18. Bf3 Ba6 19. Qf2 Rc8 20. h4 O-O 21. h5 a4
22. h6 g6 23. Nc1 axb3 24. Nxb3 Bc4 25. Nc1 f6 26. exf6 Rxf6 27. g3 e5 28. fxe5
Rxf3 29. Qxf3 Rf8 30. Qg2 Ne4 31. Nd3 Qe3+ 32. Qe2 Qxg3+ 33. Kd1 Nc3+ 0-1

[Event "V Festival Piemonte Scacchi A"]
[Site "Torino ITA"]
[Date "2003.12.06"]
[Round "3"]
[White "Gussone, Claudio"]
[Black "Martin, Tiziano"]
[Result "0-1"]
[WhiteElo "1605"]
[BlackElo "1825"]
[PlyCount "102"]
[EventDate "2003.12.04"]

1. Nf3 d5 2. g3 Nf6 3. Bg2 Bg4 4. O-O c6 5. d3 Nbd7 6. Nbd2 e5 7. e4 dxe4 8.
dxe4 Qc7 9. Qe1 Be7 10. c4 Nc5 11. Nb3 Nd3 12. Qe3 Nb4 13. Qe2 Rd8 14. Rd1
Rxd1+ 15. Qxd1 O-O 16. a3 Rd8 17. Qe2 Na6 18. Qc2 Nc5 19. Nxc5 Bxc5 20. Bg5 Qd6
21. h3 Bh5 22. g4 Bg6 23. Nh4 Qd3 24. Qxd3 Rxd3 25. Nxg6 hxg6 26. b4 Bd4 27.
Ra2 Rd1+ 28. Kh2 Ne8 29. c5 Nc7 30. Bf3 Rb1 31. Be2 Ne6 32. Bh4 Nf4 33. Bc4 Rc1
34. Be2 Nxe2 35. Rxe2 Ra1 36. Rd2 Rxa3 37. f4 Rb3 38. Ra2 Rb2+ 39. Rxb2 Bxb2
40. Be1 exf4 41. g5 Kf8 42. Kg2 Ke8 43. Kf3 Be5 44. Bd2 Kd7 45. Kg4 Ke6 46. h4
b6 47. Be1 bxc5 48. bxc5 Bd4 49. Kxf4 Bxc5 50. Bc3 Bd6+ 51. e5 Bc7 0-1

[Event "V Festival Piemonte Scacchi A"]
[Site "Torino ITA"]
[Date "2003.12.06"]
[Round "3"]
[White "Pantalone, Marcello"]
[Black "Marguati, Massimiano"]
[Result "1-0"]
[WhiteElo "1963"]
[BlackElo "1632"]
[PlyCount "81"]
[EventDate "2003.12.04"]

1. c4 e6 2. g3 Nf6 3. Bg2 d5 4. Nf3 Bd6 5. O-O Na6 6. d4 c6 7. Nbd2 Rb8 8. a3
b6 9. Qc2 O-O 10. e4 dxe4 11. Nxe4 Be7 12. Bf4 Nxe4 13. Bxb8 Nxb8 14. Qxe4 Qc7
15. Rfd1 Bf6 16. Rab1 c5 17. dxc5 bxc5 18. b4 Bb7 19. Qe2 Nd7 20. b5 Nb6 21.
Qc2 Bxf3 22. Bxf3 Bd4 23. a4 Nd7 24. Bg2 f5 25. Kh1 e5 26. Bd5+ Kh8 27. Be6 f4
28. Bxd7 Qxd7 29. Qe4 Qg4 30. f3 Qc8 31. g4 Qd8 32. Qe1 Qa8 33. Kg2 Rf6 34. a5
Rg6 35. h3 h5 36. Qe4 Qxe4 37. fxe4 hxg4 38. b6 gxh3+ 39. Kxh3 Rh6+ 40. Kg4 f3
41. Rh1 1-0

[Event "V Festival Piemonte Scacchi A"]
[Site "Torino ITA"]
[Date "2003.12.06"]
[Round "3"]
[White "Pepino, Enrico"]
[Black "Faraoni, Enrico"]
[Result "1/2-1/2"]
[WhiteElo "2077"]
[BlackElo "2182"]
[PlyCount "38"]
[EventDate "2003.12.04"]

1. e4 Nh6 2. d4 g6 3. Nc3 Bg7 4. f4 f6 5. Nf3 Nf7 6. Bc4 c6 7. a4 e6 8. d5 O-O
9. O-O Nd6 10. Bb3 exd5 11. exd5 c5 12. Be3 b6 13. Nb5 Nxb5 14. d6+ Kh8 15.
axb5 a5 16. Bd5 Ra7 17. Nd2 Re8 18. Nc4 f5 19. c3 Qf6 1/2-1/2

[Event "V Festival Piemonte Scacchi A"]
[Site "Torino ITA"]
[Date "2003.12.06"]
[Round "3"]
[White "Saccona, Silvano"]
[Black "Franzolin, Marco"]
[Result "1-0"]
[WhiteElo "2098"]
[BlackElo "1675"]
[PlyCount "29"]
[EventDate "2003.12.04"]

1. e4 d5 2. exd5 Nf6 3. c4 e6 4. dxe6 Bxe6 5. Nf3 Nc6 6. Be2 Nd4 7. d3 Bb4+ 8.
Nc3 O-O 9. a3 Bxc3+ 10. bxc3 Nxe2 11. Qxe2 Bxc4 12. dxc4 Re8 13. Be3 Ne4 14.
O-O Nxc3 15. Qb2 1-0

[Event "V Festival Piemonte Scacchi A"]
[Site "Torino ITA"]
[Date "2003.12.06"]
[Round "3"]
[White "Vinciguerra, Marco"]
[Black "Catana, Costel"]
[Result "1/2-1/2"]
[WhiteElo "2160"]
[BlackElo "1870"]
[PlyCount "26"]
[EventDate "2003.12.04"]

1. Nf3 c5 2. b3 g6 3. Bb2 Nf6 4. e4 d6 5. Be2 Bg7 6. O-O Nc6 7. d3 O-O 8. Nbd2
Qc7 9. c3 Bd7 10. Rc1 Rfe8 11. d4 e6 12. Re1 Rad8 13. Nc4 Na5 1/2-1/2

[Event "V Festival Piemonte Scacchi A"]
[Site "Torino ITA"]
[Date "2003.12.06"]
[Round "3"]
[White "Vozza, Nicola"]
[Black "Macario, Marco"]
[Result "1-0"]
[WhiteElo "1735"]
[BlackElo "1557"]
[PlyCount "43"]
[EventDate "2003.12.04"]

1. d4 c5 2. e4 cxd4 3. c3 dxc3 4. Nxc3 Nc6 5. Nf3 d6 6. Bc4 e6 7. O-O Nf6 8.
Qe2 Be7 9. Rd1 Ng4 10. Bf4 e5 11. Bg3 h5 12. h3 h4 13. Bh2 Nxh2 14. Kxh2 g5 15.
Bb5 f6 16. Rd3 Qd7 17. Rad1 g4 18. Ng1 a6 19. Nd5 axb5 20. Nb6 Qe6 21. Nxa8
gxh3 22. Nc7+ 1-0

[Event "V Festival Piemonte Scacchi A"]
[Site "Torino ITA"]
[Date "2003.12.06"]
[Round "4"]
[White "Catana, Costel"]
[Black "Fassio, Luca"]
[Result "0-1"]
[WhiteElo "1870"]
[BlackElo "2123"]
[PlyCount "46"]
[EventDate "2003.12.04"]

1. e4 g6 2. d4 Bg7 3. Nf3 d6 4. Bc4 c6 5. O-O d5 6. exd5 cxd5 7. Bd3 Bg4 8. h3
Bxf3 9. Qxf3 Bxd4 10. Bb5+ Nc6 11. Rd1 Qb6 12. Qxd5 Rd8 13. Bxc6+ bxc6 14. Qf3
Bxf2+ 15. Kf1 Rxd1+ 16. Qxd1 Be3 17. Nd2 Qd4 18. Qf3 Bxd2 19. Bxd2 Qxd2 20. c4
Qd6 21. Qg4 Qc7 22. Qg5 Nf6 23. Qh6 Nh5 0-1